Villes en mer Méditerranée les plus peuplées - Statistiques

Statistiques générales
  • Ce quiz a été pris 86 fois
  • Le résultat moyen est 8 sur 20
Statistiques - réponses
Population Pays Ville % Correct
625 956 Italie Palerme
95%
108 305 Chypre Nicosie
83%
76 320 France Ajaccio
77%
146 627 Italie Cagliari
71%
443 196 Espagne Palma
71%
297 517 Italie Catane
65%
162 600 Grèce Héraklion
61%
115 636 Italie Syracuse
49%
216 918 Italie Messine
46%
84 494 Tunisie Djerba - Houmt Souk
45%
73 224 Tunisie Djerba - Midoun
45%
107 970 Chypre Limassol
39%
120 497 Italie Sassari
22%
79 693 Italie Marsala
7%
70 341 Italie Gela
6%
73 778 Italie Raguse
6%
64 490 Grèce Chalcis
4%
68 108 Italie Quartu Sant'Elena
2%
70 823 Chypre Stróvolos
2%
65 714 Italie Vittoria
2%
Aucun quiz correspondant
Distribution des résultats
% des personnes avec chaque résultat
Percentile par nombre de réponses
Votre historique - résultats
Vous n’avez pas pris ce quiz